| 000 | 00884nam a2200289Ia 4500 | ||
|---|---|---|---|
| 001 | Para_2222 | ||
| 003 | CHAP | ||
| 008 | 220125s1993 xx 000 0 und d | ||
| 010 | _a200805 | ||
| 040 | _cCHAP | ||
| 082 | _aPA 634.0497 B4 | ||
| 100 |
_aBeers, Elizabeth H., ed. _9165654 |
||
| 245 |
_aOrchard Pest Management : _b A resource book of the Pacific Northwest / _c ed. por Elizabeth H. Beers...[and others] |
||
| 260 |
_aYakima, Washington : _b Good Fruit grower |
||
| 300 | _a276 p. | ||
| 650 |
_aArboles frutales _x enfermedades _96674 |
||
| 650 |
_aArboles frutales _x plagas _96683 |
||
| 650 |
_aFruta _x enfermedades _943611 |
||
| 650 |
_aFruta _x plagas _943646 |
||
| 901 | _aPA 634.0497 B4 | ||
| 902 | _aA | ||
| 905 | _a0000001993 ai 0000000000 00 | ||
| 910 | _a1993 | ||
| 942 | _cPARA | ||
| 942 |
_cPARA _d1 |
||
| 999 |
_c200805 _d200805 |
||